Apna Ghar Kaise banaye Iqbal Ahmed Sheikh / اپنا گھر کیسے بنائیں (urdu) / (Record no. 188003)
[ view plain ]
| 000 -LEADER | |
|---|---|
| fixed length control field | 00465 a2200157 4500 |
| 003 - CONTROL NUMBER IDENTIFIER | |
| control field | NUST |
| 005 - DATE AND TIME OF LATEST TRANSACTION | |
| control field | 20230228184811.0 |
| 040 ## - CATALOGING SOURCE | |
| Transcribing agency | Nust |
| 082 ## - DEWEY DECIMAL CLASSIFICATION NUMBER | |
| Classification number | 624,IQB |
| 100 ## - MAIN ENTRY--PERSONAL NAME | |
| Personal name | Iqbal, Ahmed Sheikh |
| 9 (RLIN) | 109659 |
| 245 ## - TITLE STATEMENT | |
| Title | Apna Ghar Kaise banaye Iqbal Ahmed Sheikh / اپنا گھر کیسے بنائیں (urdu) / |
| Statement of responsibility, etc. | Iqbal Ahmed Sheikh |
| 260 ## - PUBLICATION, DISTRIBUTION, ETC. | |
| Place of publication, distribution, etc. | Rawalpindi |
| Name of publisher, distributor, etc. | National Book Foundation |
| Date of publication, distribution, etc. | 1987 |
| 300 ## - PHYSICAL DESCRIPTION | |
| Extent | 228 p.; |
| 650 ## - SUBJECT ADDED ENTRY--TOPICAL TERM | |
| Topical term or geographic name entry element | Homes |
| 9 (RLIN) | 109660 |
| 942 ## - ADDED ENTRY ELEMENTS (KOHA) | |
| Source of classification or shelving scheme | |
| Koha item type | Book |
| Call number prefix | 624,IQB |
| Withdrawn status | Lost status | Source of classification or shelving scheme | Damaged status | Not for loan | Permanent Location | Current Location | Shelving location | Date acquired | Full call number | Barcode | Date last seen | Price effective from | Koha item type | Public note |
|---|---|---|---|---|---|---|---|---|---|---|---|---|---|---|
| Military College of Signals (MCS) | Military College of Signals (MCS) | General Stacks | 12/12/2016 | 624,IQB | MCS34206 | 12/08/2016 | 12/12/2016 | Book | Almirah No.65, Shelf No.1 |
